| 000 | 01018nas a2200301 4500 | ||
|---|---|---|---|
| 001 | BR9214115 | ||
| 003 | BR-BrBNA | ||
| 005 | 20231205093554.0 | ||
| 007 | ta | ||
| 008 | 230509b bl.|||p| |||| 00| 00por d | ||
| 040 |
_aBR-BrBNA _bpor _cBiblioteca Nacional de Agricultura |
||
| 041 | _a(Pt) | ||
| 072 | _aL53 | ||
| 100 | 1 | _aRoda, D.S. | |
| 100 | 1 | _aOtto, P.A. | |
| 100 | 1 | _aSantos, L.E. dos | |
| 100 | 1 | _aDupas, W. | |
| 100 | 1 | _aFeitoza, A.S. | |
| 100 | 1 | _aBianchini, D. | |
| 245 | 1 | _aEfeito do tipo de gestacao (simples ou gemelar)na sobrevivencia e desenvolvimento de cordeiros das racas Ideal e Corriedale | |
| 246 | 1 | _aEffect of the type pregnancy (single multiple)on the survival and weight gain in Pollwart and Corriedale lambs | |
| 650 | _aCordeiro | ||
| 650 | _aPrenhez | ||
| 650 | _aMortalidade Animal | ||
| 773 | 0 |
_tBoletim de Industria Animal (Brazil) _xISSN 0067-9615 _g(Jul-Dec 1990), v. 47(2) p. 115-119 _wBR9214115 |
|
| 909 |
_a202311 _bLúcia _c55 _dLúcia Elande |
||
| 942 |
_2AGRIS _n0 _cANA |
||
| 999 |
_c139229 _d139229 |
||